Compendium Theologiae Dogmaticae: Praecipius scholastics antiquis et modernis redactum

שמור ב:
מידע ביבליוגרפי
מחבר ראשי: Manzoni, Caesare (autor)
פורמט: ספר
שפה:לטינית
יצא לאור: Turín LICET 1922
מהדורה:3a. ed
נושאים:
תגים: הוספת תג
אין תגיות, היה/י הראשונ/ה לתייג את הרשומה!

MARC

LEADER 00000cam a2200000 a 4500
001 UCD3522
003 CL-VaPUC
008 160609e19220000it |||||||||||||||||lat|d
082 0 4 |a 231  |b MAN  |2 21 
100 |a Manzoni, Caesare  |e autor  |9 587034 
245 1 0 |a Compendium Theologiae Dogmaticae: Praecipius scholastics antiquis et modernis redactum 
250 |a 3a. ed 
300 |a v 
942 |c BK 
945 |d 20160609 22:21:00  |a dcastane 
260 |a Turín  |b LICET  |c 1922 
500 |a v.3: de Verbo Incarnato. De B. V. M. De Gratia 
500 |a v.4: de Sacramentis et de Novissimis 
650 0 |a Teología cristiana  |9 308336 
650 0 |a Sacramentos   |9 257270 
583 |a last modification  |c 20160609 22:21:00  |k Rodrigo Vera 
999 |c 364558  |d 364556 
952 |0 0  |1 0  |3 erd  |4 0  |6 231_000000000000000_MAN_1922  |7 0  |8 X  |9 477918  |a BIBTEO  |b BIBTEO  |c TEO_FFR  |h v.3  |i 5237130  |o 231 MAN 1922  |p 5237130  |r 2024-01-18  |w 2019-11-24  |y BK_X  |z Catalogado en:20160609  |k OFM 
952 |0 0  |1 0  |3 erd  |4 0  |6 231_000000000000000_MAN_1922  |7 0  |8 X  |9 477919  |a BIBTEO  |b BIBTEO  |c TEO_FFR  |h v.4  |i 5237149  |o 231 MAN 1922  |p 5237149  |r 2024-01-18  |w 2019-11-24  |y BK_X  |z Catalogado en:20160609  |k OFM